Airplanes by picture (With variants) - Statistics

General Stats
  • This quiz has been taken 58 times
  • The average score is 34 of 65
Answer Stats
Picture Answer % Correct
Airbus A318
88%
Airbus A321
81%
Boeing 747-8
74%
Airbus A319-100
72%
Airbus A380-800
70%
Boeing 737-800
70%
Boeing 747-400
70%
Airbus A300-600ST Beluga
67%
Airbus A340-600
67%
Airbus A320-200
65%
Airbus A340-300
65%
Airbus A350-1000
65%
Boeing 737-700
65%
Boeing 747-200
65%
Airbus A350-900
63%
Boeing 787-8
63%
Boeing 737-100
60%
Boeing 737 Max 9
60%
Boeing 757-200
60%
Boeing 787-10
60%
Boeing 787-9
60%
Airbus A320neo
58%
Airbus A321neo
58%
Boeing 737 Max 8
58%
Boeing 777-200LR
58%
Boeing 75-300
56%
Boeing 777-300ER
56%
Airbus A220-100
53%
Airbus A330-200
53%
Airbus A330-300
53%
Airbus A330-700 Beluga XL
53%
Airbus A330-900neo
53%
Boeing 737-200
53%
Boeing 737-300
53%
Boeing 767-300ER
53%
Boeing 767-400ER
53%
Mcdonell douglas MD-11
53%
Airbus A220-300
51%
Boeing 717
51%
Boeing 727-200
51%
Boeing 737-600
51%
Boeing 747-400 Dreamlifer
51%
Boeing 767-200ER
51%
McDonell Douglas DC-10
51%
Airbus A330-800neo
49%
Boeing 737-900
49%
Airbus A310-300
47%
Antonov 225 mriya
47%
Airbus A300B4-600
44%
Boeing 747 SP
44%
McDonell Douglas MD-80
40%
Bombardier CRJ 200
37%
Bombardier CRJ 900
37%
Bombardier Dash 8-400
37%
Airbus A319neo
35%
Bombardier CRJ 1000
35%
McDonell Douglas DC-9
35%
Antonov 124-100 ruslan
30%
Embraer E190
30%
Comac 919
28%
Bombardier Dash 8-300
26%
Sukhoi super jet
26%
Embraer E195-E2
23%
ATR 72-600
21%
Antonov 22
14%
No matching quizzes found
Score Distribution
Percent of People with Each Score
Percentile by Number Answered
Your Score History
You have not taken this quiz